书目信息 |
| 题名: |
大数据时代
|
|
| 作者: | 汤晓芳 著 | |
| 分册: | ||
| 出版信息: | 南昌 江西人民出版社 2016 |
|
| 页数: | 260页 | |
| 开本: | 21cm | |
| 丛书名: | ||
| 单 册: | ||
| 中图分类: | F713.82 | |
| 科图分类: | ||
| 主题词: | 传播媒介--chuan bo mei jie--广告--经营管理--中国 | |
| 电子资源: | ||
| ISBN: | 978-7-210-08802-8 | |
| 000 | 00962nam0 22002411 450 | |
| 001 | 0122100655 | |
| 005 | 20170322100655.0 | |
| 010 | @a978-7-210-08802-8@dCNY24.00 | |
| 100 | @a20170119d2016 em y0chiy50 ea | |
| 101 | 0 | @achi |
| 102 | @aCN@b360000 | |
| 105 | @ay z 000yy | |
| 106 | @ar | |
| 200 | 1 | @a大数据时代@9da shu ju shi dai@e媒体广告经营模式融合与嬗变@f汤晓芳著 |
| 210 | @a南昌@c江西人民出版社@d2016 | |
| 215 | @a260页@d21cm | |
| 330 | @a本书内容包括:绪论、我国媒体广告代理经营模式的类型与演进、媒体融合对媒体广告代理经营模式的影响、媒介融合下媒体广告代理经营模式的嬗变、媒体广告代理经营模式嬗变的阻力与对策、精细化+增值服务经营模式的前瞻等。 | |
| 517 | 1 | @a媒体广告经营模式融合与嬗变@9mei ti guang gao jing ying mo shi rong he yu shan bian |
| 606 | 0 | @a传播媒介@9chuan bo mei jie@x广告@x经营管理@y中国 |
| 690 | @aF713.82@v5 | |
| 701 | 0 | @a汤晓芳@9tang xiao fang@4著 |
| 801 | 0 | @aCN@bTANGWEI@c20170308 |
| 905 | @b0958770-3@dF713.82@e881@f4 | |
| 大数据时代:媒体广告经营模式融合与嬗变/汤晓芳著.-南昌:江西人民出版社,2016 |
| 260页;21cm |
| ISBN 978-7-210-08802-8:CNY24.00 |
| 本书内容包括:绪论、我国媒体广告代理经营模式的类型与演进、媒体融合对媒体广告代理经营模式的影响、媒介融合下媒体广告代理经营模式的嬗变、媒体广告代理经营模式嬗变的阻力与对策、精细化+增值服务经营模式的前瞻等。 |
| ● |
| 相关链接 |
|
|
|
|
正题名:大数据时代
索取号:F713.82/881
 
预约/预借
| 序号 | 登录号 | 条形码 | 馆藏地/架位号 | 状态 | 备注 |
| 1 | 0958770 | 209587703 | 第一样本阅览室/ [索取号:F713.82/881] | 在馆 | |
| 2 | 0958771 | 209587712 | 第一借阅区/ [索取号:F713.82/881] | 在馆 | |
| 3 | 0958772 | 209587721 | 第一借阅区/ [索取号:F713.82/881] | 在馆 | |
| 4 | 0958773 | 209587730 | 第一借阅区/ [索取号:F713.82/881] | 在馆 |